[Event "CAMPEONATO PANAMERICANO-CONTINENTAL ABSOLUTO 2010"
[Site "Cali, Departamento del Valle del Cauca"]
[Date "2010.11.21"]
[Round "8"]
[Board "1"]
[White "Torres, Jose Arturo"]
[Black "Kostov, Alex"]
[Result "1/2-1/2"]
[WhiteElo "2202"]
[BlackElo "2055"]
[PlyCount "40"]
[EventDate "2010.11.17"]
[EventRounds "9"]
[EventCountry "COL"]

1.e4 e5 2.Nf3 Nc6 3.d4 exd4 4.Bc4 Bc5 5.c3 d3 6.O-O d6 7.b4 Bb6 8.a4 a6 9.Bg5
Nf6 10.Qxd3 Qe7 11.Nbd2 O-O 12.Bd5 Ne5 13.Nxe5 dxe5 14.Qf3 c6 15.Ba2 Rd8 16.Nc4
Bc7 17.Ne3 Rd6 18.Nc4 Rd8 19.Ne3 Rd6 20.Nc4 Rd8

[Event "CAMPEONATO PANAMERICANO-CONTINENTAL ABSOLUTO 2010"
[Site "Cali, Departamento del Valle del Cauca"]
[Date "2010.11.21"]
[Round "8"]
[Board "1"]
[White "Lopez Idarraga, Daniel Eduardo"]
[Black "Saladen, Rafael"]
[Result "1-0"]
[WhiteElo "1997"]
[BlackElo "2195"]
[PlyCount "93"]
[EventDate "2010.11.17"]
[EventRounds "9"]
[EventCountry "COL"]

1.e4 c5 2.Nc3 e6 3.f4 d5 4.exd5 exd5 5.Bb5+ Nc6 6.Nf3 Nf6 7.O-O Be7 8.Ne5 Qc7
9.Bxc6+ bxc6 10.d3 O-O 11.b3 Bd6 12.Na4 Re8 13.Kh1 Rxe5 14.fxe5 Bxe5 15.Bg5 Bg4
16.Qe1 Bxa1 17.Qxa1 Nd7 18.Qe1 Be6 19.Bf4 Qd8 20.c4 Qf6 21.Bd6 Qd4 22.Qc3 dxc4
23.Qxd4 cxd4 24.bxc4 Rd8 25.Rf4 Nb6 26.Bc7 Rd7 27.Bxb6 axb6 28.Nxb6 Ra7 29.Rxd4
g5 30.a4 Kg7 31.Rd6 c5 32.Kg1 Kf6 33.Rc6 Ke5 34.Kf2 Kd4 35.Ke2 Kc3 36.Rxc5 Re7
37.Kf2 Kxd3 38.Rxg5 f6 39.Rg3+ Kd4 40.Re3 Kc5 41.Nd5 Re8 42.Nc7 Rc8 43.Nxe6+
Kxc4 44.Kf3 Kb4 45.Re4+ Ka5 46.Rh4 Rc3+ 47.Kg4

[Event "CAMPEONATO PANAMERICANO-CONTINENTAL ABSOLUTO 2010"
[Site "Cali, Departamento del Valle del Cauca"]
[Date "2010.11.21"]
[Round "8"]
[Board "1"]
[White "Cuellar, Diego"]
[Black "Fandino Reyes, Roquelina"]
[Result "0-1"]
[WhiteElo "2133"]
[BlackElo "2177"]
[PlyCount "62"]
[EventDate "2010.11.17"]
[EventRounds "9"]
[EventCountry "COL"]

1.e4 e5 2.Nf3 Nc6 3.d4 exd4 4.Bc4 Be7 5.c3 d3 6.Qb3 Nf6 7.Bxf7+ Kf8 8.e5 Ne8
9.Bh5 d5 10.Qa4 Be6 11.Qf4+ Kg8 12.Nbd2 g5 13.Qe3 Ng7 14.g4 b6 15.Nb3 h6 16.Bd2
Qd7 17.O-O-O Rf8 18.Rdg1 a5 19.h4 a4 20.Nbd4 Nxd4 21.Nxd4 c5 22.Nf3 d4 23.Qxd3
c4 24.Qe2 d3 25.Qd1 a3 26.Nd4 axb2+ 27.Kb1 Bd5 28.Rh2 Ra8 29.f4 Ne6 30.Nxe6 Qa7
31.a4 Bxe6

[Event "CAMPEONATO PANAMERICANO-CONTINENTAL ABSOLUTO 2010"
[Site "Cali, Departamento del Valle del Cauca"]
[Date "2010.11.21"]
[Round "8"]
[Board "1"]
[White "Condori, Edwin"]
[Black "Guelgua, Alvaro"]
[Result "0-1"]
[WhiteElo "2171"]
[BlackElo "2039"]
[PlyCount "62"]
[EventDate "2010.11.17"]
[EventRounds "9"]
[EventCountry "COL"]

1.c4 e5 2.Nc3 Nf6 3.g3 d5 4.cxd5 Nxd5 5.Bg2 Nxc3 6.bxc3 Nc6 7.Rb1 Bc5 8.Qc2 O-O
9.Nf3 f5 10.O-O Qf6 11.Ba3 Bxa3 12.Qb3+ Kh8 13.Qxa3 f4 14.d3 Rb8 15.Rb2 Bg4
16.Rfb1 b6 17.Qa4 a5 18.Nd2 Ne7 19.Nf3 g5 20.Qxa5 bxa5 21.Rxb8 Rxb8 22.Rxb8+ Kg7
23.Rb5 Nf5 24.a4 h5 25.Rxa5 Bxf3 26.Bxf3 g4 27.Be4 fxg3 28.hxg3 Nxg3 29.Rc5 Nxe4
30.Rxc7+ Kg6 31.dxe4 g3

[Event "CAMPEONATO PANAMERICANO-CONTINENTAL ABSOLUTO 2010"
[Site "Cali, Departamento del Valle del Cauca"]
[Date "2010.11.21"]
[Round "8"]
[Board "1"]
[White "Suasnabar, Jesus"]
[Black "Prieto, Ernesto"]
[Result "1/2-1/2"]
[WhiteElo "1967"]
[BlackElo "2102"]
[PlyCount "65"]
[EventDate "2010.11.17"]
[EventRounds "9"]
[EventCountry "COL"]

1.e4 e5 2.Nf3 Nf6 3.Nc3 Nc6 4.d4 exd4 5.Nxd4 Bb4 6.Nxc6 dxc6 7.Qxd8+ Kxd8 8.Bg5
h6 9.Bxf6+ gxf6 10.O-O-O+ Ke7 11.Ne2 Be6 12.a3 Bc5 13.Nd4 Rhg8 14.g3 Rad8 15.c3
Bg4 16.Rd3 Rd6 17.f3 Bxd4 18.cxd4 Be6 19.Kc2 a5 20.a4 Rb8 21.Kc3 b5 22.axb5 Rxb5
23.Be2 Rb3+ 24.Kc2 Rb4 25.Kc3 Rc4+ 26.Kd2 Rcxd4 27.Rxd4 Rxd4+ 28.Kc3 c5 29.Ra1
a4 30.Bb5 Bb3 31.Re1 Rd1 32.Rxd1 Bxd1 33.f4

[Event "CAMPEONATO PANAMERICANO-CONTINENTAL ABSOLUTO 2010"
[Site "Cali, Departamento del Valle del Cauca"]
[Date "2010.11.21"]
[Round "8"]
[Board "1"]
[White "Llacsahuanga, Diego"]
[Black "Castrillon Gomez, Melissa"]
[Result "1-0"]
[WhiteElo "2065"]
[BlackElo "2013"]
[PlyCount "85"]
[EventDate "2010.11.17"]
[EventRounds "9"]
[EventCountry "COL"]

1.Nf3 Nf6 2.c4 g6 3.g3 Bg7 4.Bg2 O-O 5.O-O d6 6.d4 Nc6 7.Nc3 Na5 8.b3 c5 9.Bb2
Rb8 10.dxc5 dxc5 11.Qxd8 Rxd8 12.Rad1 Bf5 13.Na4 Nd7 14.Bxg7 Kxg7 15.Nh4 Be6
16.f4 b6 17.e4 Nf6 18.h3 Bd7 19.Nc3 Bc6 20.g4 Ne8 21.e5 Bxg2 22.Kxg2 Nc6 23.Nf3
e6 24.Kf2 Rxd1 25.Rxd1 Rd8 26.Rxd8 Nxd8 27.a3 Nc6 28.Na2 Nc7 29.Nc3 h6 30.Ke3
Ne8 31.Kd3 Kf8 32.Na2 Ke7 33.b4 Kd7 34.bxc5 bxc5 35.Nc3 Nb8 36.Ne4 Kc6 37.Nfd2
Nd7 38.g5 h5 39.Nf6 Nexf6 40.gxf6 Nf8 41.Ne4 Nh7 42.h4 Kb6 43.Nd6

[Event "CAMPEONATO PANAMERICANO-CONTINENTAL ABSOLUTO 2010"
[Site "Cali, Departamento del Valle del Cauca"]
[Date "2010.11.21"]
[Round "8"]
[Board "1"]
[White "Hernandez, Oscar Eduardo"]
[Black "Vargas, Edwin"]
[Result "0-1"]
[WhiteElo "2025"]
[BlackElo "2011"]
[PlyCount "66"]
[EventDate "2010.11.17"]
[EventRounds "9"]
[EventCountry "COL"]

1.d4 d5 2.Nf3 c6 3.Bf4 f5 4.e3 Nf6 5.Be2 e6 6.Ne5 Nbd7 7.Nd2 Nxe5 8.Bxe5 Bd6
9.f4 Bxe5 10.fxe5 Ng8 11.Bh5+ g6 12.Bf3 c5 13.O-O Ne7 14.c4 cxd4 15.exd4 Qb6
16.Nb3 dxc4 17.Nc5 O-O 18.Qc1 Nd5 19.Be2 Qc6 20.Bxc4 b6 21.Nd3 Bb7 22.Bb3 Qd7
23.Qd2 a5 24.Rfd1 f4 25.Rf1 g5 26.h4 Ne3 27.Rf2 a4 28.Bd1 Qxd4 29.Ne1 Qxe5
30.Nf3 Bxf3 31.Bxf3 Rad8 32.Qe1 Rf6 33.hxg5 Qxg5

[Event "CAMPEONATO PANAMERICANO-CONTINENTAL ABSOLUTO 2010"
[Site "Cali, Departamento del Valle del Cauca"]
[Date "2010.11.21"]
[Round "8"]
[Board "1"]
[White "Renteria, Rolando"]
[Black "Avellaneda Arevalo, Ronald"]
[Result "1-0"]
[WhiteElo "2201"]
[BlackElo "1965"]
[PlyCount "57"]
[EventDate "2010.11.17"]
[EventRounds "9"]
[EventCountry "COL"]

1.e4 Nf6 2.d3 d5 3.Nd2 dxe4 4.dxe4 e5 5.Ngf3 Bg4 6.Bc4 Bd6 7.h3 Bxf3 8.Qxf3 Nc6
9.c3 O-O 10.Nf1 Na5 11.Be2 Nd7 12.g4 Nc6 13.Ng3 Be7 14.h4 Bxh4 15.g5 Bxg5 16.Qf5
h6 17.Bxg5 Qxg5 18.Qxd7 Rfd8 19.Qg4 Qd2+ 20.Kf1 Ne7 21.Bc4 Qxb2 22.Kg2 Rd2
23.Raf1 b5 24.Rxh6 bxc4 25.Nh5 g6 26.Qg5 Kf8 27.Rh8+ Ng8 28.Qf6 gxh5 29.Qg5

[Event "CAMPEONATO PANAMERICANO-CONTINENTAL ABSOLUTO 2010"
[Site "Cali, Departamento del Valle del Cauca"]
[Date "2010.11.21"]
[Round "8"]
[Board "1"]
[White "Gomez, Samael"]
[Black "Heredia Serrano, Carla"]
[Result "1-0"]
[WhiteElo "1994"]
[BlackElo "2087"]
[PlyCount "177"]
[EventDate "2010.11.17"]
[EventRounds "9"]
[EventCountry "COL"]

1.d4 Nf6 2.Nf3 g6 3.g3 Bg7 4.Bg2 O-O 5.O-O d6 6.c4 Nbd7 7.Nc3 e5 8.dxe5 dxe5
9.e4 c6 10.b3 Qe7 11.a4 Re8 12.Ba3 Nc5 13.Qc2 a5 14.h3 Bf8 15.Ne1 Qc7 16.Nd3
Nfd7 17.Kh2 Qb6 18.Nxc5 Nxc5 19.Bxc5 Bxc5 20.f4 Bd7 21.f5 Rad8 22.Rad1 Bc8
23.Rxd8 Rxd8 24.g4 Bb4 25.Rd1 Rxd1 26.Nxd1 Bc5 27.Nc3 Qd8 28.Qd1 Qxd1 29.Nxd1
Bd4 30.Kg3 Kf8 31.Kf3 Ke7 32.Ne3 Kd6 33.Nc2 Kc5 34.Bf1 g5 35.Kg3 Bd7 36.h4 h6
37.hxg5 hxg5 38.Kf3 Bg1 39.Bd3 Bd4 40.Ke2 Bc3 41.Ke3 f6 42.Be2 Be8 43.Kd3 Bb2
44.Ne1 Bc1 45.Kc3 Be3 46.Nd3+ Kd6 47.b4 axb4+ 48.Nxb4 Bd7 49.Nd3 Bd4+ 50.Kb4 b6
51.Bd1 Be8 52.Bc2 Be3 53.Kc3 Bd7 54.Ne1 Kc7 55.Nd3 Kb7 56.Nb4 Bc5 57.Nd3 Bd4+
58.Kb4 c5+ 59.Ka3 Be3 60.Nb2 Ka6 61.Nd3 Bc6 62.Ne1 Ka5 63.Nf3 Bc1+ 64.Kb3 Bxa4+
65.Kc3 Be8 66.Ne1 Be3 67.Nd3 Bd4+ 68.Kd2 Bc6 69.Nc1 Kb4 70.Bd3 Bb7 71.Kc2 Ba6
72.Na2+ Ka3 73.Nc1 Kb4 74.Na2+ Ka3 75.Nc1 Be3 76.Ne2 Bd4 77.Ng3 Kb4 78.Nh5 Bxc4
79.Bxc4 Kxc4 80.Nxf6 Kb5 81.Nd5 c4 82.f6 Bc5 83.Nc7+ Kc6 84.Ne6 Kd7 85.Nxc5+
bxc5 86.Kc3 Ke6 87.Kxc4 Kxf6 88.Kxc5 Ke6 89.Kc6

[Event "CAMPEONATO PANAMERICANO-CONTINENTAL ABSOLUTO 2010"
[Site "Cali, Departamento del Valle del Cauca"]
[Date "2010.11.21"]
[Round "8"]
[Board "1"]
[White "Ospina Loaiza, Jhonny"]
[Black "Vacca, Leonardo"]
[Result "0-1"]
[WhiteElo "2002"]
[BlackElo "2043"]
[PlyCount "58"]
[EventDate "2010.11.17"]
[EventRounds "9"]
[EventCountry "COL"]

1.e4 d5 2.exd5 Nf6 3.Bb5+ Bd7 4.Bc4 b5 5.Bb3 Bg4 6.f3 Bc8 7.a4 b4 8.c4 e6 9.dxe6
Bc5 10.d4 Bxd4 11.Ne2 Nc6 12.exf7+ Kxf7 13.Nxd4 Nxd4 14.O-O Re8 15.c5+ Be6
16.Bxe6+ Rxe6 17.Bg5 Qd5 18.Bxf6 gxf6 19.Nd2 f5 20.Nb3 Ne2+ 21.Kf2 Qe5 22.g3 Rg8
23.Re1 f4 24.Rxe2 fxg3+ 25.Ke1 gxh2 26.Qd7+ Kf8 27.Nd4 h1=Q+ 28.Kd2 Qh6+ 29.Kd3
Qxe2+

[Event "CAMPEONATO PANAMERICANO-CONTINENTAL ABSOLUTO 2010"
[Site "Cali, Departamento del Valle del Cauca"]
[Date "2010.11.22"]
[Round "9"]
[Board "1"]
[White "Ortiz Suarez, Isan Reynaldo"]
[Black "Lima, Darcy"]
[Result "1-0"]
[WhiteElo "2543"]
[BlackElo "2482"]
[PlyCount "81"]
[EventDate "2010.11.17"]
[EventRounds "9"]
[EventCountry "COL"]

1.d4 d5 2.c4 dxc4 3.e3 Nf6 4.Bxc4 e6 5.Nf3 c5 6.O-O Nc6 7.Nc3 Be7 8.dxc5 Qxd1
9.Rxd1 Bxc5 10.a3 Ke7 11.b4 Bd6 12.Bb2 Bd7 13.Ng5 Bc7 14.Be2 Rhd8 15.b5 Na5
16.a4 Kf8 17.Nce4 Nxe4 18.Nxe4 Be8 19.Ba3+ Kg8 20.Nd6 Bxd6 21.Bxd6 Rac8 22.Bb4
Rxd1+ 23.Rxd1 b6 24.g3 Nb7 25.Bf3 Nc5 26.Bxc5 bxc5 27.Bb7 Rb8 28.Ba6 Kf8 29.Rc1
Ke7 30.Rxc5 Kd6 31.Rc3 Bd7 32.f4 f6 33.Kf2 g5 34.e4 e5 35.f5 h5 36.h3 h4 37.g4
Rb6 38.Ke3 Rxa6 39.bxa6 Bxa4 40.Rc8 Bb5 41.Rf8

[Event "CAMPEONATO PANAMERICANO-CONTINENTAL ABSOLUTO 2010"
[Site "Cali, Departamento del Valle del Cauca"]
[Date "2010.11.22"]
[Round "9"]
[Board "1"]
[White "Barrientos, Sergio E"]
[Black "Sanabria Rangel, Sergio Andres"]
[Result "0-1"]
[WhiteElo "2516"]
[BlackElo "2335"]
[PlyCount "54"]
[EventDate "2010.11.17"]
[EventRounds "9"]
[EventCountry "COL"]

1.e4 g6 2.d4 Bg7 3.Nf3 d6 4.Be2 Nf6 5.Nc3 O-O 6.O-O c5 7.h3 cxd4 8.Nxd4 Nc6
9.Be3 d5 10.Nxc6 bxc6 11.Bf3 Ba6 12.Re1 Nxe4 13.Nxe4 dxe4 14.Bxe4 Bxb2 15.Bh6
Qxd1 16.Raxd1 Rfc8 17.Bd3 Bxd3 18.Rxd3 e5 19.c3 Rd8 20.Rxd8+ Rxd8 21.Rxe5 Bxc3
22.Re4 Rd1+ 23.Kh2 f5 24.Rc4 Bd4 25.Rxc6 Bxf2 26.Rc7 Bg1+ 27.Kg3 Rd3+

[Event "CAMPEONATO PANAMERICANO-CONTINENTAL ABSOLUTO 2010"
[Site "Cali, Departamento del Valle del Cauca"]
[Date "2010.11.22"]
[Round "9"]
[Board "1"]
[White "Cori, Jorge"]
[Black "Garcia, Gildardo"]
[Result "1-0"]
[WhiteElo "2502"]
[BlackElo "2378"]
[PlyCount "95"]
[EventDate "2010.11.17"]
[EventRounds "9"]
[EventCountry "COL"]

1.d4 Nf6 2.Nf3 d5 3.c4 dxc4 4.e3 Bg4 5.Bxc4 e6 6.Nc3 Nbd7 7.O-O a6 8.Be2 c5 9.d5
exd5 10.Nxd5 Bd6 11.h3 Be6 12.Nc3 Qc7 13.Ng5 O-O 14.f4 b5 15.e4 b4 16.e5 bxc3
17.exd6 Qb6 18.Nxe6 cxb2 19.Bxb2 fxe6 20.Rb1 c4+ 21.Qd4 Qxd4+ 22.Bxd4 Rac8
23.Rbc1 Rc6 24.Bxc4 Rxd6 25.Be5 Rb6 26.Bc7 Rc6 27.Bd5 Rc5 28.Bxe6+ Kh8 29.Bd6
Rxc1 30.Rxc1 Re8 31.f5 Nf8 32.Bf7 Rd8 33.Be7 Rb8 34.Rc6 Ng8 35.Bd6 Ra8 36.Bc4 a5
37.Ra6 Rxa6 38.Bxa6 Nd7 39.Bb5 Ndf6 40.Bc6 h5 41.a4 Nh6 42.Bc7 Nxf5 43.Bxa5 Nd4
44.Bb7 Nd7 45.Bb4 Nc2 46.Be7 Ne3 47.a5 Kg8 48.a6

[Event "CAMPEONATO PANAMERICANO-CONTINENTAL ABSOLUTO 2010"
[Site "Cali, Departamento del Valle del Cauca"]
[Date "2010.11.22"]
[Round "9"]
[Board "1"]
[White "Rios, Cristhian Camilo"]
[Black "Escobar Forero, Alder"]
[Result "1/2-1/2"]
[WhiteElo "2405"]
[BlackElo "2456"]
[PlyCount "20"]
[EventDate "2010.11.17"]
[EventRounds "9"]
[EventCountry "COL"]

1.e4 c5 2.Nf3 e6 3.d4 cxd4 4.Nxd4 a6 5.Nc3 Qc7 6.Bd3 Nf6 7.O-O Be7 8.Be3 d6 9.a4
O-O 10.Nb3 b6

[Event "CAMPEONATO PANAMERICANO-CONTINENTAL ABSOLUTO 2010"
[Site "Cali, Departamento del Valle del Cauca"]
[Date "2010.11.22"]
[Round "9"]
[Board "1"]
[White "Cori T, Deysi"]
[Black "Vittorino, Carlo Giovanni"]
[Result "1/2-1/2"]
[WhiteElo "2384"]
[BlackElo "2305"]
[PlyCount "59"]
[EventDate "2010.11.17"]
[EventRounds "9"]
[EventCountry "COL"]

1.d4 Nf6 2.c4 e6 3.Nf3 d5 4.Qc2 a6 5.g3 dxc4 6.Qxc4 b5 7.Qc2 Bb7 8.Bg2 Nbd7
9.O-O c5 10.a4 cxd4 11.Nxd4 Bxg2 12.Kxg2 Bc5 13.Nb3 Be7 14.N1d2 O-O 15.Nf3 Rc8
16.Qd1 Nc5 17.Qxd8 Rfxd8 18.Nxc5 Bxc5 19.axb5 axb5 20.Bg5 Bd4 21.Nxd4 Rxd4
22.Ra5 h6 23.Bxf6 gxf6 24.Rxb5 Rd2 25.e3 Rcc2 26.b3 Rb2 27.Rb4 Rd3 28.Rg4+ Kh7
29.Rf4 Rxe3 30.Rxf6

[Event "CAMPEONATO PANAMERICANO-CONTINENTAL ABSOLUTO 2010"
[Site "Cali, Departamento del Valle del Cauca"]
[Date "2010.11.22"]
[Round "9"]
[Board "1"]
[White "Ostos, Julio"]
[Black "Zapata, Alonso"]
[Result "1/2-1/2"]
[WhiteElo "2325"]
[BlackElo "2482"]
[PlyCount "36"]
[EventDate "2010.11.17"]
[EventRounds "9"]
[EventCountry "COL"]

1.e4 c5 2.Nf3 e6 3.Nc3 a6 4.d4 cxd4 5.Nxd4 Qc7 6.Bd3 Nc6 7.Nxc6 dxc6 8.O-O e5
9.Qf3 Nf6 10.Qg3 Be6 11.Be3 b5 12.a4 b4 13.Nb1 Be7 14.Nd2 Nh5 15.Qf3 Nf4 16.Bc4
O-O 17.Bxf4 exf4 18.Bxe6 fxe6

[Event "CAMPEONATO PANAMERICANO-CONTINENTAL ABSOLUTO 2010"
[Site "Cali, Departamento del Valle del Cauca"]
[Date "2010.11.22"]
[Round "9"]
[Board "1"]
[White "Arenas, David"]
[Black "Zuluaga, Cesar"]
[Result "1/2-1/2"]
[WhiteElo "2443"]
[BlackElo "2316"]
[PlyCount "35"]
[EventDate "2010.11.17"]
[EventRounds "9"]
[EventCountry "COL"]

1.e4 c5 2.Nf3 a6 3.Nc3 e6 4.d4 cxd4 5.Nxd4 Qc7 6.Be2 Nf6 7.O-O Nc6 8.Be3 b5
9.Nxc6 dxc6 10.f4 Bb7 11.e5 Rd8 12.Qe1 Nd5 13.Nxd5 cxd5 14.Qf2 d4 15.Bc1 g6
16.Bd3 Be7 17.Bd2 Qc6 18.Qe2

[Event "CAMPEONATO PANAMERICANO-CONTINENTAL ABSOLUTO 2010"
[Site "Cali, Departamento del Valle del Cauca"]
[Date "2010.11.22"]
[Round "9"]
[Board "1"]
[White "Panesso Rivera, Henry"]
[Black "Mateus, Alejandro"]
[Result "1-0"]
[WhiteElo "2333"]
[BlackElo "2274"]
[PlyCount "105"]
[EventDate "2010.11.17"]
[EventRounds "9"]
[EventCountry "COL"]

1.d4 d5 2.c4 c6 3.Nf3 Nf6 4.e3 a6 5.Bd3 dxc4 6.Bxc4 b5 7.Bb3 e6 8.Qe2 c5 9.O-O
Bb7 10.Rd1 Qb6 11.a4 Nbd7 12.axb5 axb5 13.Rxa8+ Bxa8 14.Nbd2 Be7 15.e4 cxd4
16.e5 Ng4 17.Ne4 Ngxe5 18.Nxd4 O-O 19.Bf4 Ng6 20.Bg3 Nc5 21.Nxc5 Bxc5 22.Nxb5
Qc6 23.Qf1 h5 24.h3 h4 25.Bh2 Bxf2+ 26.Kxf2 Qb6+ 27.Nd4 e5 28.Qb5 Qf6+ 29.Nf3 e4
30.Rd6 Qxb2+ 31.Nd2 Qa1 32.Qg5 Re8 33.Bxf7+ Kxf7 34.Qxg6+ Kf8 35.Re6 Rd8 36.Bd6+
Kg8 37.Re8+ Rxe8 38.Qxe8+ Kh7 39.Bf4 Qd4+ 40.Be3 Qf6+ 41.Kg1 Qc3 42.Nf1 Qa5
43.Qe7 Qh5 44.Bd4 Qh6 45.Ne3 Bc6 46.Qc7 Qg6 47.Ng4 Kg8 48.Ne5 Qg3 49.Bf2 Qf4
50.Qd8+ Kh7 51.Qxh4+ Qxh4 52.Bxh4 Bb5 53.Bg5

[Event "CAMPEONATO PANAMERICANO-CONTINENTAL ABSOLUTO 2010"
[Site "Cali, Departamento del Valle del Cauca"]
[Date "2010.11.22"]
[Round "9"]
[Board "1"]
[White "Garavito, Miguel Angel"]
[Black "Estrada Nieto, Julian"]
[Result "1/2-1/2"]
[WhiteElo "2253"]
[BlackElo "2329"]
[PlyCount "20"]
[EventDate "2010.11.17"]
[EventRounds "9"]
[EventCountry "COL"]

1.d4 d5 2.c4 dxc4 3.e4 Nc6 4.Be3 e5 5.d5 Nce7 6.Bxc4 Ng6 7.Nc3 Nf6 8.f3 a6
9.Nge2 Bd6 10.Qd2 Qe7

[Event "CAMPEONATO PANAMERICANO-CONTINENTAL ABSOLUTO 2010"
[Site "Cali, Departamento del Valle del Cauca"]
[Date "2010.11.22"]
[Round "9"]
[Board "1"]
[White "Beltran, Carlos Armando"]
[Black "Contreras, Henry"]
[Result "1-0"]
[WhiteElo "2194"]
[BlackElo "2202"]
[PlyCount "57"]
[EventDate "2010.11.17"]
[EventRounds "9"]
[EventCountry "COL"]

1.Nf3 Nf6 2.d4 g6 3.c4 Bg7 4.Nc3 d6 5.e4 O-O 6.Be2 e5 7.d5 a5 8.Bg5 h6 9.Bh4 Na6
10.O-O Qe8 11.Nd2 Nh7 12.g4 f5 13.gxf5 gxf5 14.Kh1 Nf6 15.Rg1 Kh7 16.Bxf6 Rxf6
17.Bh5 Qe7 18.Rg2 Nc5 19.Qe2 Bd7 20.Rag1 Rg8 21.Bg6+ Kh8 22.Qh5 Nd3 23.Ne2 fxe4
24.Nxe4 Nf4 25.Nxf6 Nxh5 26.Nxg8 Qh4 27.Bxh5 Qxh5 28.Rxg7 Qxe2 29.Rh7+

[Event "CAMPEONATO PANAMERICANO-CONTINENTAL ABSOLUTO 2010"
[Site "Cali, Departamento del Valle del Cauca"]
[Date "2010.11.22"]
[Round "9"]
[Board "1"]
[White "Orozco, Lina Yomayra"]
[Black "Chirivi C, Jenny Astrid"]
[Result "0-1"]
[WhiteElo "2137"]
[BlackElo "2244"]
[PlyCount "86"]
[EventDate "2010.11.17"]
[EventRounds "9"]
[EventCountry "COL"]

1.e4 c5 2.Nf3 e6 3.d4 cxd4 4.Nxd4 a6 5.Nc3 Qc7 6.g3 Nf6 7.Bg2 Be7 8.O-O Nc6
9.Be3 d6 10.a4 O-O 11.Nb3 b6 12.g4 Bb7 13.g5 Nd7 14.f4 Na5 15.Nxa5 bxa5 16.Qh5
f5 17.Rf3 g6 18.Qh6 Rf7 19.exf5 Bf8 20.Qh4 exf5 21.Qe1 Bg7 22.Rb1 Rb8 23.Rf1
Bxg2 24.Kxg2 Qc6+ 25.Kg1 Re7 26.Qd2 Nb6 27.Bf2 Rbe8 28.Rfe1 Nc4 29.Qd5+ Qxd5
30.Nxd5 Rxe1+ 31.Bxe1 Re2 32.b3 Na3 33.Rd1 Nxc2 34.Bxa5 Bd4+ 35.Kh1 Kf7 36.h3
Ke6 37.Nc7+ Kd7 38.Nxa6 Be3 39.b4 Ne1 40.Nc5+ Ke7 41.Rd3 dxc5 42.Rxe3+ Rxe3
43.bxc5 Nd3

[Event "CAMPEONATO PANAMERICANO-CONTINENTAL ABSOLUTO 2010"
[Site "Cali, Departamento del Valle del Cauca"]
[Date "2010.11.22"]
[Round "9"]
[Board "1"]
[White "Romero Echeverria, Abigail"]
[Black "Fandino Reyes, Roquelina"]
[Result "1/2-1/2"]
[WhiteElo "2068"]
[BlackElo "2177"]
[PlyCount "43"]
[EventDate "2010.11.17"]
[EventRounds "9"]
[EventCountry "COL"]

1.e4 Nf6 2.e5 Nd5 3.c4 Nb6 4.c5 Nd5 5.d4 d6 6.cxd6 exd6 7.Nf3 Be7 8.Nc3 dxe5
9.Nxe5 O-O 10.Be2 c6 11.O-O Be6 12.Bf3 Na6 13.Re1 Nac7 14.Be4 Qc8 15.Be3 f5
16.Bf3 Bf6 17.Nd3 Bf7 18.Ne5 Be6 19.Nd3 Re8 20.Nf4 Nxe3 21.fxe3 Bf7 22.e4

[Event "CAMPEONATO PANAMERICANO-CONTINENTAL ABSOLUTO 2010"
[Site "Cali, Departamento del Valle del Cauca"]
[Date "2010.11.22"]
[Round "9"]
[Board "1"]
[White "Salazar, Aura Cristina"]
[Black "Lopez Idarraga, Daniel Eduardo"]
[Result "1-0"]
[WhiteElo "2150"]
[BlackElo "1997"]
[PlyCount "39"]
[EventDate "2010.11.17"]
[EventRounds "9"]
[EventCountry "COL"]

1.e4 c5 2.Nf3 d6 3.d4 cxd4 4.Nxd4 Nf6 5.Nc3 a6 6.f3 e5 7.Nb3 Be6 8.Be3 Nbd7
9.Qd2 Be7 10.O-O-O b5 11.g4 Qc7 12.g5 b4 13.Ne2 Nh5 14.Kb1 a5 15.Ng3 Nf4 16.Nd4
O-O 17.h4 Rfc8 18.Ngf5 Bf8 19.Nb5 Qc6 20.Nfd4

[Event "CAMPEONATO PANAMERICANO-CONTINENTAL ABSOLUTO 2010"
[Site "Cali, Departamento del Valle del Cauca"]
[Date "2010.11.22"]
[Round "9"]
[Board "1"]
[White "Cadena, Gustavo Adolfo"]
[Black "Mateus, Martha"]
[Result "1-0"]
[WhiteElo "2051"]
[BlackElo "2144"]
[PlyCount "60"]
[EventDate "2010.11.17"]
[EventRounds "9"]
[EventCountry "COL"]

1.d4 d5 2.c4 e6 3.Nc3 c5 4.cxd5 exd5 5.Nf3 Nc6 6.Bf4 Nf6 7.e3 Be7 8.Be2 O-O
9.O-O h6 10.dxc5 Bxc5 11.Qa4 Be6 12.h3 Qe7 13.Rfd1 a6 14.Rac1 Rfc8 15.Qc2 Na5
16.Qb1 Nc4 17.Nd4 b5 18.Bf3 Ra7 19.Nb3 Rd7 20.Nxc5 Rxc5 21.Ne2 Rd8 22.b3 Na3
23.Qb2 Rxc1 24.Rxc1 Ne4 25.Rc7 Qb4 26.Qc1 Nd2 27.Nd4 Nxf3+ 28.gxf3 Qf8 29.Nxe6
fxe6 30.Be5 b4

[Event "CAMPEONATO PANAMERICANO-CONTINENTAL ABSOLUTO 2010"
[Site "Cali, Departamento del Valle del Cauca"]
[Date "2010.11.22"]
[Round "9"]
[Board "1"]
[White "Guelgua, Alvaro"]
[Black "Torres, Jose Arturo"]
[Result "1-0"]
[WhiteElo "2039"]
[BlackElo "2202"]
[PlyCount "59"]
[EventDate "2010.11.17"]
[EventRounds "9"]
[EventCountry "COL"]

1.e4 c5 2.Nf3 Nc6 3.d4 cxd4 4.Nxd4 Nf6 5.Nc3 e5 6.Ndb5 Bb4 7.a3 Bxc3+ 8.Nxc3 h6
9.Be2 O-O 10.Be3 b6 11.O-O Bb7 12.f4 exf4 13.Rxf4 Ne5 14.Qd4 Ng6 15.Rf5 Re8
16.Raf1 d5 17.e5 Nd7 18.Rxf7 Ngxe5 19.Bh5 Nxf7 20.Rxf7 Re5 21.Qg4 Qf6 22.Rxf6
Nxf6 23.Qf3 Rxh5 24.Bd4 Rg5 25.Bxf6 gxf6 26.Qxf6 d4 27.Qe6+ Kh7 28.Qf7+ Rg7
29.Qf5+ Rg6 30.Nd5

[Event "CAMPEONATO PANAMERICANO-CONTINENTAL ABSOLUTO 2010"
[Site "Cali, Departamento del Valle del Cauca"]
[Date "2010.11.22"]
[Round "9"]
[Board "1"]
[White "Kostov, Alex"]
[Black "Buitrago, Juan Carlos"]
[Result "1/2-1/2"]
[WhiteElo "2055"]
[BlackElo "2160"]
[PlyCount "23"]
[EventDate "2010.11.17"]
[EventRounds "9"]
[EventCountry "COL"]

1.e4 e5 2.Nf3 Nc6 3.Bb5 a6 4.Ba4 Nf6 5.d4 exd4 6.O-O Be7 7.e5 Ne4 8.Nxd4 Nxd4
9.Qxd4 Nc5 10.Nc3 Nxa4 11.Qxa4 O-O 12.Bf4

[Event "CAMPEONATO PANAMERICANO-CONTINENTAL ABSOLUTO 2010"
[Site "Cali, Departamento del Valle del Cauca"]
[Date "2010.11.22"]
[Round "9"]
[Board "1"]
[White "Ruiz C, Joshua D"]
[Black "Vargas, Edwin"]
[Result "1-0"]
[WhiteElo "2107"]
[BlackElo "2011"]
[PlyCount "119"]
[EventDate "2010.11.17"]
[EventRounds "9"]
[EventCountry "COL"]

1.e4 c5 2.Nf3 d6 3.d4 cxd4 4.Nxd4 g6 5.Nc3 Bg7 6.Be3 Nf6 7.f3 Nc6 8.Qd2 Bd7
9.O-O-O Rc8 10.h4 Ne5 11.Bh6 Bxh6 12.Qxh6 Qa5 13.Kb1 Rxc3 14.bxc3 Qxc3 15.Qd2
Qc5 16.Nb3 Qc7 17.Qh6 a5 18.Be2 a4 19.Nd4 Qc5 20.Qc1 Nc4 21.Bxc4 Qxc4 22.Qb2 e5
23.Ne2 Qxe2 24.Rxd6 O-O 25.Rxf6 Rc8 26.h5 Rc5 27.hxg6 hxg6 28.Rb6 a3 29.Qb3 Be6
30.Qd3 Bxa2+ 31.Ka1 Qxd3 32.cxd3 Be6 33.Rxb7 Rc2 34.g4 Rd2 35.g5 Rxd3 36.Rb8+
Kg7 37.Rbh8 Rd1+ 38.Rxd1 Kxh8 39.Rd6 Kg7 40.Ra6 a2 41.Ra5 Kf8 42.Rxe5 Ke7 43.Ra5
Kd6 44.f4 Kc6 45.Ra6+ Kd7 46.Kb2 Bc4 47.Ra4 Be6 48.Rxa2 Bxa2 49.Kxa2 Ke6 50.Kb3
f6 51.gxf6 Kxf6 52.Kc4 Ke6 53.Kc5 Ke7 54.Kd5 Kd7 55.e5 Ke7 56.e6 Ke8 57.Kd6 Kd8
58.e7+ Ke8 59.Ke6 g5 60.f5

[Event "CAMPEONATO PANAMERICANO-CONTINENTAL ABSOLUTO 2010"
[Site "Cali, Departamento del Valle del Cauca"]
[Date "2010.11.22"]
[Round "9"]
[Board "1"]
[White "Prieto, Ernesto"]
[Black "Guerrero, Juan Carlos"]
[Result "0-1"]
[WhiteElo "2102"]
[BlackElo "2254"]
[PlyCount "52"]
[EventDate "2010.11.17"]
[EventRounds "9"]
[EventCountry "COL"]

1.e4 c5 2.Nf3 g6 3.d4 cxd4 4.Nxd4 Bg7 5.Nc3 Nc6 6.Be3 Nf6 7.Be2 O-O 8.O-O d5
9.exd5 Nxd5 10.Nxd5 Qxd5 11.Bf3 Qc4 12.Nxc6 bxc6 13.c3 Rb8 14.Qc1 a5 15.Rd1 a4
16.a3 Bf5 17.Rd2 Rfd8 18.Be2 Qb3 19.Bd1 Qb5 20.Be2 Qb7 21.g4 Be4 22.f3 Rxd2
23.Bxd2 Bd5 24.Bd3 Bxf3 25.Qe1 Qd7 26.Bf4 Rxb2